Quá trình phát triển kinh tế - xã hội ở nông thôn Trung Quốc (1978-2008)

Nghiên cứu quá trình phát triển kinh tế - xã hội nông thôn Trung Quốc, đặc biệt là chuyển dịch cơ cấu kinh tế - xã hội, quá trình giải quyết sự phân cách thành thị nông thôn qua các giai đoạn từ cải cách mở cửa của năm 1978 tới năm 2008. T...

全面介紹

Đã lưu trong:
書目詳細資料
主要作者: Nguyễn, Xuân Cường
格式: 圖書
語言:Undetermined
出版: Hà Nội Khoa học Xã hội 2010
主題:
標簽: 添加標簽
沒有標簽, 成為第一個標記此記錄!
Thư viện lưu trữ: Trung tâm Học liệu Trường Đại học Cần Thơ
LEADER 01296nam a2200229Ia 4500
001 CTU_165819
008 210402s9999 xx 000 0 und d
020 |c 63000 
082 |a 338.951 
082 |b C561 
100 |a Nguyễn, Xuân Cường 
245 0 |a Quá trình phát triển kinh tế - xã hội ở nông thôn Trung Quốc (1978-2008) 
245 0 |c Nguyễn Xuân Cường 
260 |a Hà Nội 
260 |b Khoa học Xã hội 
260 |c 2010 
520 |a Nghiên cứu quá trình phát triển kinh tế - xã hội nông thôn Trung Quốc, đặc biệt là chuyển dịch cơ cấu kinh tế - xã hội, quá trình giải quyết sự phân cách thành thị nông thôn qua các giai đoạn từ cải cách mở cửa của năm 1978 tới năm 2008. Trình bày những thành công, hạn chế, đồng thời rút ra những bài học kinh nghiệm, tham khảo đối với Việt Nam 
650 |a Agriculture,Rural industries,Nông nghiệp 
650 |x Economic aspects,Khía cạnh kinh tế 
650 |z China,China,Trung Quốc 
904 |i Trọng Hiếu 
980 |a Trung tâm Học liệu Trường Đại học Cần Thơ